[Event "Olomouc Chess Summer 2016-Open seniorù"]
[Site "Olomouc"]
[Date "2016.08.17"]
[Round "6.5"]
[White "Castellano, Alfonso"]
[Black "Pokora, Lubomir"]
[Result "1/2-1/2"]
[WhiteElo "1949"]
[BlackElo "1873"]
[PlyCount "58"]
[EventDate "2016.08.13"]

1. c4 e5 2. g3 Nc6 3. Bg2 g6 4. Nc3 Bg7 5. e4 d6 6. Nge2 Nge7 7. d3 O-O 8. O-O
f5 9. Be3 h6 10. f4 Kh7 11. Qd2 fxe4 12. dxe4 b6 13. Nd5 a5 14. Rac1 Be6 15. b3
Rc8 16. Rcd1 Bg4 17. h3 Bxe2 18. Qxe2 Nd4 19. Bxd4 exd4 20. g4 c5 21. f5 gxf5
22. exf5 Nxd5 23. Bxd5 Be5 24. Rd3 Rc7 25. Qe4 Qf6 26. Kf2 Kg7 27. Ke2 Qg5 28.
Rdf3 Qh4 29. f6+ Bxf6 1/2-1/2